Library of the University of Algiers 3
Ibrahim Sultan Cheibout
شعار جامعة الجزائر 3
مكتبة جامعة الجزائر 3
إبراهيم سلطان شيبوط

التنظيم الدولي / (رقم التسجيلة. 46147)

تفاصيل مارك
000 -LEADER
fixed length control field 01495nam a2200229Ia 4500
003 - CONTROL NUMBER IDENTIFIER
control field Ost
005 - DATE AND TIME OF LATEST TRANSACTION
control field 20260507075742.0
008 - FIXED-LENGTH DATA ELEMENTS--GENERAL INFORMATION
fixed length control field 260507s9999||||xx |||||||||||||| ||und||
040 ## - CATALOGING SOURCE
Transcribing agency fsecg
041 ## - LANGUAGE CODE
Language code of text/sound track or separate title ara
082 ## - DEWEY DECIMAL CLASSIFICATION NUMBER
Classification number 330
100 ## - MAIN ENTRY--PERSONAL NAME
Personal name حسن، نافعة
Relator term مؤلف
245 #0 - TITLE STATEMENT
Title التنظيم الدولي /
Statement of responsibility, etc. نافعة حسن
260 ## - PUBLICATION, DISTRIBUTION, ETC.
Place of publication, distribution, etc. القاهرة:
Name of publisher, distributor, etc. مكتبة الشروق الدولية,
Date of publication, distribution, etc. 2004
300 ## - PHYSICAL DESCRIPTION
Extent 540 صفحة؛
Other physical details إيضاحات ؛
Dimensions 24 سم
504 ## - BIBLIOGRAPHY, ETC. NOTE
Bibliography, etc. note ببليوغرافيا: ص514
520 ## - SUMMARY, ETC.
Summary, etc. مرحلة التكوين والميلاد- الميثاق رؤية تحليلية- الأمم التحدة منظمة دولية- علاقة الامم المتحدة بالمنظمات الإقليمية- علاقة الامم المتحدة مع المنظمات المتخصصة- الأمم المتحدة غير الحكومية- معارضة الامم المتحدة في زمن الحرب الباردة- إدارة الأزمات الدولية- تصفية الإستعمار- المشكلات الإقتصادية والإجتماعية- الأمم المتحدة في النظام العالمي الجديد- نظام للامن الجماعي أم لإدارة الفوضى الضائعة- مستقبل الأمم المتحدة بين الواقع والطموح
653 ## - INDEX TERM--UNCONTROLLED
Uncontrolled term الأمم المتحدة
653 ## - INDEX TERM--UNCONTROLLED
Uncontrolled term التنظيم الدولي
700 ## - ADDED ENTRY--PERSONAL NAME
Personal name عبد العال، محمد شوقي
Relator term مؤلف ثانوي
942 ## - ADDED ENTRY ELEMENTS (KOHA)
Koha item type كتب
المقتنيات
Withdrawn status Lost status Source of classification or shelving scheme Damaged status Not for loan Home library Current library Date acquired Serial enumeration / chronology Inventory number Total checkouts Full call number Barcode Date last seen Price effective from Koha item type
    Library of Congress Classification   NOT LOAN / إعارة داخلية مكتبة كلية العلوم الإقتصادية والعلوم التجارية وعلوم التسيير مكتبة كلية العلوم الإقتصادية والعلوم التجارية وعلوم التسيير 07/05/2026 الطابق الأرضي 1303/1   أ/1303ن1 1303/1 07/05/2026 07/05/2026 كتب
    Dewey Decimal Classification   Available مكتبة كلية العلوم الإقتصادية والعلوم التجارية وعلوم التسيير مكتبة كلية العلوم الإقتصادية والعلوم التجارية وعلوم التسيير 07/05/2026 الطابق الأرضي 1303/2   أ/1303ن2 1303/2 07/05/2026 07/05/2026 كتب
    Dewey Decimal Classification   Available مكتبة كلية العلوم الإقتصادية والعلوم التجارية وعلوم التسيير مكتبة كلية العلوم الإقتصادية والعلوم التجارية وعلوم التسيير 07/05/2026 الطابق الثاني 1303/3   أ/1303ن3 1303/3 07/05/2026 07/05/2026 كتب

موارد الويب المفتوحة


© University of Algiers 3 All Rights Reserved
|
Implemented by LECHELAH Riad